Market access issues in the automobile sector

Gespeichert in:
Bibliographische Detailangaben
Format: Buch
Sprache:Englisch
Veröffentlicht: Paris OECD 1997
Schriftenreihe:OECD Proceedings
Schlagworte:
Tags: Tag hinzufügen
Keine Tags, Fügen Sie das erste Tag hinzu!

MARC

LEADER 00000nam a2200000 4500
001 c120056
005 20221124074806.8
020 |a 92-64-15680-1 
041 0 |a eng 
044 |a FR 
245 1 0 |a Market access issues in the automobile sector 
264 1 |a Paris  |b OECD  |c 1997 
300 |a 261 s. 
490 1 |a OECD Proceedings 
830 0 |a OECD Proceedings 
610 2 0 |a priemysel automobilový 
610 2 0 |a trh 
610 2 0 |a politika obchodná 
610 2 0 |a spotrebitelia 
610 2 0 |a odbyt 
610 2 0 |a štúdie prípadové 
610 2 0 |a OECD